Colori proibiti /

Saved in:
Bibliografiske detaljer
Hovedforfatter: Mishima, Yukio (Author)
Andre forfattere: Calza, Gian Carlo, (1940- ), Origlia, Lydia
Format: Bog
Sprog:italiensk
Udgivet: MIlano : Oscar Mondadori, 2000
Serier:Oscar narrativa ; 986
Tags: Tilføj Tag
Ingen Tags, Vær først til at tagge denne postø!

MARC

LEADER 00000nam a22000007i 4500
001 IT\ICCU\BVE\0328528
003 ItRI
005 20260218110019.0
008 040304s2000 it |||||| ||||| |||||c
020 |a 8804480270 
040 |b ita  |c arcigay verona 
041 7 |a ita  |2 ISO-639-2 
100 1 |a Mishima, Yukio  |0 IT\ICCU\CFIV\002484  |4 aut 
245 1 0 |a Colori proibiti /  |c Yukio Mishima ; traduzione di Lydia Origlia ; prefazione di Gian Carlo Calza. 
260 |a MIlano :  |b Oscar Mondadori,  |c 2000 
300 |a VIII, 435 p. ;  |c 19 cm. 
700 1 |a Calza, Gian Carlo,  |d  (1940- )  |0 IT\ICCU\CFIV\023849 
700 1 |a Origlia, Lydia  |0 IT\ICCU\CFIV\045542 
830 0 |a Oscar narrativa ;  |v 986  |0 IT\ICCU\CFI\0167118 
942 |2 ddc  |c BK  |n 0 
952 |0 0  |1 0  |2 ddc  |4 0  |6 895_635000000000000_MIS_COL  |7 0  |9 33062  |a VR  |b VR  |d 2026-02-18  |i 103  |l 0  |o 895.635 MIS COL  |p OBE-103  |r 2026-02-18 11:00:50  |w 2026-02-18  |y BK 
999 |c 28725  |d 28725